000 00373nam a2200145Ia 4500
008 231129s9999||||xx |||||||||||||| ||spa||
020 _a84-7530-341-2
040 _bspa
082 _a920.71 R749g
100 _aRolland Romain
245 0 _aGoethe y Beethoven ; Miguel Angel
260 _c198
264 _aOrbis
942 _2ddc
_cBKS
999 _c14550
_d14550